| 000 | 00432nam a2200193Ia 4500 | ||
|---|---|---|---|
| 008 | 170918s9999 xx 000 0 und d | ||
| 020 | _a9780439686181 | ||
| 050 | _bH513 1993 | ||
| 100 | _aHenkes, Kevin | ||
| 245 | _aOwen / | ||
| 245 | _cKevin Henkes. | ||
| 260 | _aNew York : | ||
| 260 | _bScholastic, | ||
| 260 | _c1993 | ||
| 300 | _aunpaged : | ||
| 300 | _bcolored illustration ; | ||
| 300 | _c25cm. | ||
| 500 | _a370 | ||
| 999 |
_c342675 _d342675 |
||